Statistics for Just Saying - 5 Seconds of Summer (All Lyrics)

Click here to take the quiz!

General Stats

  • This quiz has been taken 164 times
  • The average score is 249 of 268

Answer Stats

Just Saying% Correct
Just
100%
just
100%
saying
100%
a
99%
he
99%
He
99%
I
99%
you
99%
Chorus | Verse 1You
99%
an
97%
do
97%
got
97%
Verse 2Got
97%
he's
97%
He's
97%
it
97%
me
97%
your
97%
And
96%
and
96%
him
96%
boyfriend
95%
but
95%
But
95%
friends
95%
the
95%
when
95%
When
95%
like
94%
makes
94%
really
94%
should
94%
tell
94%
that
94%
they
94%
Cause
93%
leave
93%
All
92%
all
92%
I'll
92%
loser
92%
no
92%
total
92%
future
91%
get
91%
I'm
91%
i'm
91%
mom
91%
don't
90%
over
90%
sick
90%
home
89%
be
88%
i'd
88%
I'd
88%
my
88%
need
88%
never
88%
see
88%
help
87%
says
87%
by
86%
drove
86%
his
86%
own
86%
pay
86%
place
86%
was
86%
always
85%
better
85%
check
85%
loves
85%
than
85%
comes
84%
could
84%
it's
84%
big
83%
change
83%
does
83%
house
83%
late
83%
mind
83%
alone
82%
lives
82%
out
81%
waiting
81%
back
79%
behind
79%
takes
77%
someone
76%
act
75%
else
75%
know
75%
seeing
75%
right
73%
if
72%
barely
65%

Score Distribution

Percentile by Number Answered

Percent of People with Each Score

Your Score History

You have not taken this quiz